Verbal Ability And Reading Comprehension For CAT (Record no. 352278)

MARC details
000 -LEADER
fixed length control field 00546nam a2200181Ia 4500
008 - FIXED-LENGTH DATA ELEMENTS--GENERAL INFORMATION
fixed length control field 230718s9999 xx 000 0 und d
020 ## - INTERNATIONAL STANDARD BOOK NUMBER
International Standard Book Number 9789353947026
041 ## - LANGUAGE CODE
Language code of text/sound track or separate title eng
082 ## - DEWEY DECIMAL CLASSIFICATION NUMBER
Classification number 371.713
Item number SIN
100 ## - MAIN ENTRY--PERSONAL NAME
Personal name Sinha N.K.
245 ## - TITLE STATEMENT
Title Verbal Ability And Reading Comprehension For CAT
Remainder of title Also Useful For Other MBA Entrance Examinations Like SNAP,XAT And IIFT
250 ## - EDITION STATEMENT
Edition statement 4th ed.
260 ## - PUBLICATION, DISTRIBUTION, ETC. (IMPRINT)
Date of publication, distribution, etc. 2022
Name of publisher, distributor, etc. Pearson
300 ## - PHYSICAL DESCRIPTION
Extent 397
365 ## - TRADE PRICE
Currency code Rs.
Price amount 650.00
700 ## - ADDED ENTRY--PERSONAL NAME
Personal name Sinha N.K.
906 ## - LOCAL DATA ELEMENT F, LDF (RLIN)
d O:0739923-Feb-2022B:03617-Feb-2022
c GENRL
b 975
Holdings
Withdrawn status Lost status Damaged status Not for loan Home library Current library Date acquired Vendor Budget Code Cost, normal purchase price Bill number Total Checkouts Full call number Barcode Date last seen Date last checked out Discount Cost, replacement price Bill Date Koha item type Original Barcode
        Cummins College of Engineering for Women Pune Cummins College of Engineering for Women Pune 23/02/2022 Om Book Stall GENRL 455.00 36 2 371.713 CCEP-BK-63489 25/08/2025 04/08/2025 975 650.00 17/02/2022 Books 063489